Fr. Conceicao Rodrigues College of Engineering

Quality Control for Profit (Record no. 19074)

MARC details
000 -LEADER
fixed length control field 00328nam a2200145Ia 4500
082 ## - DEWEY DECIMAL CLASSIFICATION NUMBER
Classification number 658.5
Item number Les/Enr
100 ## - MAIN ENTRY--PERSONAL NAME
Personal name Lester/R.H/ Enrick/N.L
245 ## - TITLE STATEMENT
Title Quality Control for Profit
260 ## - PUBLICATION, DISTRIBUTION, ETC.
Name of publisher, distributor, etc. Marcel Dekker
Place of publication, distribution, etc. New York
Date of publication, distribution, etc. 1985
300 ## - PHYSICAL DESCRIPTION
Extent 475
546 ## - LANGUAGE NOTE
Language note ENGLISH
654 ## - SUBJECT ADDED ENTRY--FACETED TOPICAL TERMS
Focus term Quality Control
942 ## - ADDED ENTRY ELEMENTS (KOHA)
Koha item type Reference Book
Holdings
Withdrawn status Lost status Damaged status Not for loan Collection Home library Current library Shelving location Date acquired Total Checkouts Full call number Barcode Date last seen Price effective from Koha item type
        AFT Fr. Agnel's C.Rodrigues College of Engineering Fr. Agnel's C.Rodrigues College of Engineering   17/03/2023   658.5 Les/Enr AFT5787 17/03/2023 17/03/2023 Reference Book